00815nam a2200181 a 4500008004100000245022600041250001400267260003000281300002600311500009200337504005100429650004200480700002100522700006300543003000100606005001700607040000900624 00aHahlo's South African company law through the cases :ba source book : a collection of cases on company law, with explanatory notes and comments.cedited by J .T Pretorius ,P .A Delport ,Michelle Havenga and Maria Vermaas a5th ed. . aCape Town :bJuta,c1991. aliv, 765 p. ;c26 cm. aRev. ed. of: South African company law through the cases / by H.R. Hahlo. 4th ed. 1984. aIncludes bibliographical references and index. 0aCorporation lawzSouth AfricaxCases.1 aPretorius, J. T.1 aHahlo, H. R.tSouth African company law through the cases.20230123133237.0 cNUST